20 Rudest Cities in America - Statistics

General Stats
  • This quiz has been taken 93 times
  • The average score is 13 of 20
Answer Stats
# Percent in Poll City % Correct
1 34.3% New York City
98%
2 19.7% Los Angeles
92%
14 6.9% Dallas
85%
4 18.6% Chicago
82%
15 6.8% Miami
82%
5 14.9% Boston
81%
18 5.3% Houston
81%
10 9.8% San Francisco
81%
9 9.9% Philadelphia
77%
3 18.9% Washington D.C.
76%
12 9.1% Atlanta
71%
6 11.6% Detroit
68%
8 11.2% Baltimore
67%
16 6.6% Austin
61%
13 7.8% Las Vegas
56%
19 5% Cleveland
52%
17 6.2% Jacksonville
39%
20 4% Tampa
39%
7 11.3% Buffalo
21%
11 9.4% Birmingham
10%
No matching quizzes found
Score Distribution
Percent of People with Each Score
Percentile by Number Answered
Your Score History
You have not taken this quiz